| 000 | 00688nam a2200265Ia 4500 | ||
|---|---|---|---|
| 005 | 20250425161822.0 | ||
| 008 | 250425s9999 xx 000 0 und d | ||
| 041 | _aspa | ||
| 043 | _aec | ||
| 082 | _a332.64 | ||
| 100 | _aBOLSA DE VALORES, DE GUAYAQUIL | ||
| 245 | 0 | _aGUIA DIDACTICA DEL MERCADO DE VALORES | |
| 250 | _a1A ED. | ||
| 260 |
_aEcuador _bBVG _c1998 |
||
| 260 | _aGUAYAQUIL | ||
| 300 | _a86 | ||
| 500 | _aTitulo de la cubierta tomado; Consta de 3 ejemplares | ||
| 650 | _aBOLSA DE VALORES-GUAYAQUIL | ||
| 650 | _aGUIAS | ||
| 650 | _aMERCADO DE VALORES | ||
| 650 | _aRENTA FIJA | ||
| 710 | _aBOLSA DE VALORES DE GUAYAQUIL | ||
| 942 | _c01 | ||
| 010 | _a30964 | ||
| 999 |
_c216746 _d216746 |
||